Los Jaivas: cancionero
Sparad:
| Institutionell upphovsman: | |
|---|---|
| Materialtyp: | Bok |
| Språk: | spanska |
| Publicerad: |
Santiago
Ocholibros
2013
|
| Upplaga: | 1a. ed |
| Ämnen: | |
| Taggar: |
Lägg till en tagg
Inga taggar, Lägg till första taggen!
|
MARC
| LEADER | 00000cam a2200000 a 4500 | ||
|---|---|---|---|
| 001 | UCE7073 | ||
| 003 | CL-VaPUC | ||
| 008 | 150529e20130000cl |||||||||||||||||spa|d | ||
| 020 | |a 9789563351699 | ||
| 082 | 0 | 4 | |a 781.6283 |b FUN |2 21 |
| 110 | 2 | |a Fundación Mustakis |e author |9 579800 | |
| 245 | 1 | 0 | |a Los Jaivas: cancionero |
| 246 | 1 | 0 | |a Cancionero ilustrado: Los Jaivas |
| 250 | |a 1a. ed | ||
| 300 | |a 139 p | ||
| 942 | |c BK | ||
| 945 | |d 20150529 15:00:00 |a cmena | ||
| 260 | |a Santiago |b Ocholibros |c 2013 | ||
| 600 | 0 | |a Los Jaivas |9 471714 | |
| 650 | 7 | |a CANCIONEROS |2 CL-VaPUC |9 579801 | |
| 650 | 0 | |a Música chilena |9 306643 | |
| 650 | 0 | |a Partituras |9 324008 | |
| 650 | 0 | |a Compositores chilenos |9 306644 | |
| 650 | 0 | |a Canto a lo humano |9 433764 | |
| 650 | 0 | |a Canto a lo divino |9 433763 | |
| 583 | |a last modification |c 20150529 15:00:00 |k Rodrigo Vera | ||
| 999 | |c 359214 |d 359212 | ||
| 952 | |0 0 |1 0 |3 erb |4 0 |6 781_628300000000000_FUN_2013 |7 0 |8 R |9 468335 |a BIBEDU |b BIBEDU |i 5090970 |l 1 |o 781.6283 FUN 2013 |p 5090970 |q 2025-03-03 |r 2025-01-22 |s 2025-01-22 |w 2019-11-23 |y BK_R |z Catalogado en:20150529 |k MUS | ||